Manual de mecánica industrial : máquinas y control numérico /

En este volumen, cuarto y último de la obra, se estudian primero diversas máquinas convencionales, como la fresadora, el torno y las prensas. En la segunda parte se habla del control numérico CNC.

Bewaard in:
Bibliografische gegevens
Andere auteurs: Rioja Cuesta, Gonzalo Félix (autor) (autor)
Formaat: Boek
Taal:Spaans
Gepubliceerd in: Madrid, España : Cultural, 1999, c1999
Onderwerpen:
Tags: Voeg label toe
Geen labels, Wees de eerste die dit record labelt!

MARC

LEADER 00000nam^a2200000^a^4500
001 000110720
005 20250521000000.0
009 20260310093808.155
020 |a 84-8055-285-9 
037 |a Acervo ITESO - Biblioteca 
041 |a ESP 
082 |a 621.  |b MAN V. 4 
245 1 0 |a Manual de mecánica industrial :  |b máquinas y control numérico /  |c G.F. Rioja Cuesta... [et al.]. 
264 4 |a Madrid, España :  |b Cultural,  |c 1999, c1999 
300 |a 228 p. 
336 |a texto  |b txt  |2 rdacontenido 
337 |a sin mediación  |b n  |2 rdamedio 
338 |a volumen  |b nc  |2 rdasoporte 
520 |a En este volumen, cuarto y último de la obra, se estudian primero diversas máquinas convencionales, como la fresadora, el torno y las prensas. En la segunda parte se habla del control numérico CNC. 
649 |a XX 
650 |a Maquinaria 
650 |a Control Automático 
650 |a Mecánica Aplicada 
650 |a Ingeniería 
700 |a Rioja Cuesta, Gonzalo Félix  |e (autor) 
910 |a Fondo General 
920 |a Impresos - Libros 
930 |a Colección General 
905 |a 101 
901 |a 0500046775  |b IT1  |c ACC  |u 20250521 
902 |a https://opac.biblio.iteso.mx/vufind/Record/000110720